Städte und Gemeinden im Landkreis Hildesheim mit Karte - Statistiken

Allgemein
  • Dieses Quiz wurde 356 mal gespielt
    266 seit der letzten Aktualisierung
  • Das Durchschnittsergebnis liegt bei 12 aus 20
Antworten auf der Karte
Die Antworten werden auf der Karte rot bzw. grün angezeigt, abhängig davon wie oft sie richtig erraten wurden.
 
Antwortstatistiken
Stadt oder Gemeinde % Korrekt
Hildesheim
95%
Alfeld (Leine)
78%
Sarstedt
78%
Nordstemmen
71%
Harsum
67%
Elze
66%
Gronau
66%
Algermissen
65%
Bad Salzdetfurth
61%
Holle
59%
Schellerten
59%
Sibbesse
59%
Diekholzen
58%
Bockenem
55%
Giesen
53%
Lamspringe
53%
Söhlde
50%
Freden (Leine)
47%
Eime
41%
Duingen
40%
Keine übereinstimmenden Quizze gefunden
Verteilung der Resultate
Anzahl Personen mit jedem Resultat
Perzentil nach korrekt beantworteten Fragen
Ihre Resultats-Entwicklung
Sie haben dieses Quiz seit der letzten Aktualisierung nicht gespielt